000 00436nam a22001697a 4500
005 20160429121235.0
008 160429b xxu||||| |||| 00| 0 eng d
020 _a81-7656964-X
041 _aeng
082 _b00834
100 _aBayross, Ivan
_9121
245 _aSQL, PL/SQL: The Programming Language of Oracle
260 _aNew Delhi
_bBPB Publishing,
_c2008
300 _a443
650 _aInformation Technology
_9137
942 _cBK
999 _c272
_d272